Pacifismo, guerra y objeción de conciencia a la luz de la moral católica / (Record n. 29148)

Dettagli MARC
000 -LEADER
fixed length control field 00712nam a2200217 i 4500
003 - CONTROL NUMBER IDENTIFIER
control field IT-RoINE
005 - DATE AND TIME OF LATEST TRANSACTION
control field 20190613060656.0
008 - FIXED-LENGTH DATA ELEMENTS--GENERAL INFORMATION
fixed length control field 060518s1978 sp |||||r 001 ||spa|d
020 ## - INTERNATIONAL STANDARD BOOK NUMBER
International Standard Book Number 73780213
100 1# - MAIN ENTRY--PERSONAL NAME
Personal name Somoano Berdasco, Rafael
9 (RLIN) 57244
245 10 - TITLE STATEMENT
Title Pacifismo, guerra y objeción de conciencia a la luz de la moral católica /
Statement of responsibility, etc Rafael Somoano Berdasco
260 ## - PUBLICATION, DISTRIBUTION, ETC. (IMPRINT)
Place of publication, distribution, etc Madrid :
Name of publisher, distributor, etc Fuerza Nueva Editorial,
Date of publication, distribution, etc DL 1978.
300 ## - PHYSICAL DESCRIPTION
Extent 326 p. ;
Dimensions 23 cm.
336 ## - CONTENT TYPE
Source rdacontent
Content type term text
337 ## - MEDIA TYPE
Source rdamedia
Media type term unmediated
338 ## - CARRIER TYPE
Source rdacarrier
Carrier type term volume
500 ## - GENERAL NOTE
General note Incluye índices.
504 ## - BIBLIOGRAPHY, ETC. NOTE
Bibliography, etc Bibliografiía: p. 313-326.
650 #4 - SUBJECT ADDED ENTRY--TOPICAL TERM
9 (RLIN) 57245
Topical term or geographic name as entry element Objeción de conciencia
General subdivision Aspecto moral
942 ## - ADDED ENTRY ELEMENTS (KOHA)
Item type Monografías
Dati di copia
Withdrawn status Lost status Damaged status Not for loan Home library Current library Date acquired Total Checkouts Full call number Barcode Date last seen Price effective from Koha item type Public note
        Iglesia Nacional Española en Roma Iglesia Nacional Española en Roma 18/02/2019   NOVALÍN 1629 NOV-1781 18/02/2019 18/02/2019 Monografías Dedicatoria autógrfa del A. a monseñor Navalín